01059nam a22002775a 450000500170000000800410001701000140005802000270007202000240009903500130012303700150013604000180015108200160016910000210018524500890020626000460029527000560034130000220039750000510041965000350047065000380050565000410054394200300058499900170061495201500063120090811114829.0941012s1993 po 100 0 eng d aENG-94713 a9788189973988c1195.00 a8189973983c1195.00 aEN-78246 bDBAD / PUB adplbEnglish  a338.6420959 aTambunan, Tulus  aDevelopment of small and medium enterprises in ASEAN countries /cby Tulus Tambunan  aNew Delhi bReadworthy Publicationsc2009 a4662/21, Ansari Road, DaryaganjbNew Delhi e110002 a390p. c24cm(Hb)  aIncludes bibliographical references and index  aSmall businesszSoutheast Asia aIndustrial policyzSoutheast Asia aEconomic developmentzSoutheast Asia 2ddccENmTAMh338.6420959 c29104d29104 00102ddc40718NFICaDBADbDBADd2009-08-11eDBAD / PUBg1195.00l0o338.6420959 TAMpEN-78246r2009-08-11 00:00:00t1v1195.00w2009-08-11yEN